[Event "Moscow Open A,B"]
[Site "?"]
[Date "2017.01.30"]
[Round "3.1"]
[White "Shevchenko, Kirill"]
[Black "Artemiev, Vladislav"]
[Result "1/2-1/2"]
[BlackElo "2655"]
[WhiteElo "2453"]
[LiveChessVersion "1.4.8"]

1. e4 {[%clk 1:30:58]} c5 {[%clk 1:23:53]} 2. Nf3 {[%clk 1:31:21]} e6
{[%clk 1:24:05]} 3. d4 {[%clk 1:31:46]} cxd4 {[%clk 1:24:22]} 4. Nxd4
{[%clk 1:32:11]} a6 {[%clk 1:24:21]} 5. Bd3 {[%clk 1:32:34]} Ne7 {[%clk 1:24:03]}
6. O-O {[%clk 1:32:30]} g6 {[%clk 1:24:05]} 7. c4 {[%clk 1:30:37]} Bg7
{[%clk 1:23:29]} 8. Be3 {[%clk 1:30:39]} O-O {[%clk 1:17:34]} 9. Nc3
{[%clk 1:29:46]} d5 {[%clk 1:17:51]} 10. exd5 {[%clk 1:17:10]} exd5
{[%clk 1:16:55]} 11. Re1 {[%clk 1:15:33]} Nbc6 {[%clk 1:11:40]} 12. Nxc6
{[%clk 0:50:25]} bxc6 {[%clk 1:10:26]} 13. Bc5 {[%clk 0:46:53]} Re8
{[%clk 0:57:55]} 14. Bxe7 {[%clk 0:37:17]} Rxe7 {[%clk 0:58:06]} 15. Rxe7
{[%clk 0:37:29]} Qxe7 {[%clk 0:58:23]} 16. cxd5 {[%clk 0:37:52]} Bb7
{[%clk 0:37:49]} 17. Qb3 {[%clk 0:34:31]} cxd5 {[%clk 0:34:10]} 18. Nxd5
{[%clk 0:34:33]} Bxd5 {[%clk 0:34:14]} 19. Qxd5 {[%clk 0:34:57]} Rd8
{[%clk 0:33:37]} 20. Qc4 {[%clk 0:29:48]} Bxb2 {[%clk 0:32:23]} 21. Rb1
{[%clk 0:30:05]} Qa3 {[%clk 0:30:10]} 22. Bc2 {[%clk 0:27:24]} Bd4
{[%clk 0:22:47]} 23. Bb3 {[%clk 0:26:34]} Qe7 {[%clk 0:23:08]} 24. Qxa6
{[%clk 0:24:03]} Bxf2+ {[%clk 0:22:55]} 25. Kh1 {[%clk 0:22:49]} Kg7
{[%clk 0:17:32]} 26. Rf1 {[%clk 0:21:15]} Rd6 {[%clk 0:14:43]} 27. Qc4
{[%clk 0:19:30]} Rf6 {[%clk 0:14:20]} 28. Qc3 {[%clk 0:19:44]} Qa7
{[%clk 0:12:59]} 29. Qe5 {[%clk 0:16:30]} h5 {[%clk 0:12:02]} 30. Qc3
{[%clk 0:15:35]} Qb6 {[%clk 0:09:45]} 31. Qe5 {[%clk 0:14:55]} Qc6
{[%clk 0:07:19]} 32. Qa1 {[%clk 0:11:50]} Qc5 {[%clk 0:06:59]} 33. Qc1
{[%clk 0:11:48]} Qd4 {[%clk 0:05:36]} 34. Qa1 {[%clk 0:11:43]} Qh4
{[%clk 0:04:52]} 35. Qc3 {[%clk 0:03:53]} Bd4 {[%clk 0:03:46]} 36. Qe1
{[%clk 0:03:07]} Kh7 {[%clk 0:03:06]} 37. Bc4 {[%clk 0:02:02]} Bf2
{[%clk 0:02:10]} 38. Qc3 {[%clk 0:02:19]} Rf4 {[%clk 0:00:39]} 39. Be2
{[%clk 0:01:42]} Rf5 {[%clk 0:00:36]} 40. Qc4 {[%clk 0:31:23]} Qf6
{[%clk 0:30:33]} 41. g3 {[%clk 0:24:50]} Qb2 {[%clk 0:10:37]} 42. Bd3
{[%clk 0:22:57]} Rf6 {[%clk 0:09:57]} 43. Qb5 {[%clk 0:20:57]} Qxa2
{[%clk 0:07:08]} 44. Qxh5+ {[%clk 0:21:08]} Kg7 {[%clk 0:05:05]} 45. Qe2
{[%clk 0:21:21]} Qd5+ {[%clk 0:04:41]} 46. Be4 {[%clk 0:21:20]} Qd4
{[%clk 0:02:43]} 47. Kg2 {[%clk 0:21:23]} Be3 {[%clk 0:02:31]} 48. Rxf6
{[%clk 0:21:34]} Kxf6 {[%clk 0:02:53]} 49. Qd3 {[%clk 0:21:41]} Qb2+
{[%clk 0:03:14]} 50. Qc2 {[%clk 0:22:03]} Qa1 {[%clk 0:02:20]} 51. Qb1
{[%clk 0:22:12]} Qxb1 {[%clk 0:02:12]} 1/2-1/2

[Event "Moscow Open A,B"]
[Site "?"]
[Date "2017.01.30"]
[Round "3.2"]
[White "Gusain, Himal"]
[Black "Grachev, Boris"]
[Result "0-1"]
[BlackElo "2650"]
[WhiteElo "2453"]
[LiveChessVersion "1.4.8"]

1. e4 c5 2. Nf3 e6 3. d4 cxd4 4. Nxd4 Nc6 5. Nc3 a6 6. Nxc6 bxc6 7. Bd3 d5 8. O-O
Nf6 9. Re1 Be7 10. e5 Nd7 11. Qg4 Kf8 12. b3 Bb7 13. Na4 c5 14. c4 d4 15. Qh5 Kg8
16. Nb2 g6 17. Qh3 h5 18. Bc2 a5 19. Bd2 Ra6 20. a3 Kg7 21. Nd3 h4 22. Rac1 Bg5
23. Nf4 Qe7 24. Qg4 Bxf4 25. Bxf4 Rh5 26. h3 Qd8 27. Rcd1 Rb6 28. Rd2 Bc6 29. Qd1
Qa8 30. f3 Rb8 31. Rde2 a4 32. b4 cxb4 33. axb4 Rxb4 34. Qxd4 Nb6 35. Bd2 Rxc4
36. Qxb6 Rxc2 37. Bh6+ Kxh6 38. Rxc2 Bd5 39. Qe3+ Kg7 40. Ra1 Qb8 41. Re2 Qb4 42.
Rd2 Rf5 43. Rd4 Qb3 44. Qxb3 Bxb3 45. Re1 Rh5 46. Rd7 Rh8 47. Ra7 g5 48. Rc1 Kg6
49. Rcc7 Rf8 50. Kf2 Kf5 51. Rxf7+ Rxf7 52. Rxf7+ Kxe5 53. Rg7 a3 54. Rxg5+ Kd4
55. Ra5 a2 56. f4 Kc3 57. Kf3 Kb4 58. Rxa2 Bxa2 59. Kg4 Bd5 60. f5 e5 61. Kxh4 e4
0-1

[Event "Moscow Open A,B"]
[Site "?"]
[Date "2017.01.30"]
[Round "3.3"]
[White "Lomasov, Semen"]
[Black "Khismatullin, Denis"]
[Result "1-0"]
[BlackElo "2639"]
[WhiteElo "2441"]
[LiveChessVersion "1.4.8"]

1. e4 c5 2. Nf3 d6 3. d4 {[%clk 1:31:41]} cxd4 {[%clk 1:31:35]} 4. Nxd4
{[%clk 1:32:05]} Nf6 {[%clk 1:32:02]} 5. Nc3 {[%clk 1:32:24]} a6 {[%clk 1:32:28]}
6. Bg5 {[%clk 1:32:48]} Nbd7 {[%clk 1:32:50]} 7. Qe2 {[%clk 1:33:04]} h6
{[%clk 1:30:46]} 8. Bh4 {[%clk 1:33:13]} g6 {[%clk 1:29:42]} 9. f4
{[%clk 1:32:58]} e5 {[%clk 1:30:06]} 10. fxe5 {[%clk 1:33:07]} dxe5
{[%clk 1:30:30]} 11. O-O-O {[%clk 1:33:13]} Qc7 {[%clk 1:30:43]} 12. Nb3
{[%clk 1:33:34]} b5 {[%clk 1:31:03]} 13. Rxd7 {[%clk 1:33:52]} Nxd7
{[%clk 1:20:52]} 14. Nd5 {[%clk 1:34:16]} Qd6 {[%clk 1:09:34]} 15. Na5
{[%clk 1:34:41]} h5 {[%clk 0:49:33]} 16. Kb1 f5 17. Qf3 {[%clk 1:33:44]} fxe4
{[%clk 0:34:08]} 18. Qxe4 {[%clk 1:31:45]} Nc5 {[%clk 0:28:37]} 19. Nf6+
{[%clk 1:24:25]} Qxf6 {[%clk 0:21:37]} 20. Qxa8 {[%clk 1:24:48]} Qxh4
{[%clk 0:20:04]} 21. Qxc8+ {[%clk 1:25:03]} Qd8 {[%clk 0:18:57]} 22. Qc6+
{[%clk 1:16:05]} Kf7 {[%clk 0:18:15]} 23. Be2 {[%clk 1:15:19]} Kg7
{[%clk 0:14:38]} 24. Rf1 {[%clk 0:48:15]} Qxa5 {[%clk 0:07:24]} 25. Qf6+
{[%clk 0:41:27]} Kh7 {[%clk 0:07:49]} 26. Bxh5 {[%clk 0:41:52]} gxh5
{[%clk 0:01:54]} 27. Qf5+ {[%clk 0:20:15]} Kh6 {[%clk 0:02:13]} 28. Qxe5
{[%clk 0:18:53]} Bg7 {[%clk 0:02:09]} 29. Qf4+ {[%clk 0:15:18]} Kh7
{[%clk 0:01:54]} 30. Qf5+ {[%clk 0:15:43]} Kh6 {[%clk 0:01:00]} 31. g4
{[%clk 0:10:03]} hxg4 {[%clk 0:01:20]} 32. Qxg4 {[%clk 0:07:23]} Kh7
{[%clk 0:00:37]} 33. Qh5+ {[%clk 0:06:24]} Kg8 {[%clk 0:00:57]} 34. Qf7+
{[%clk 0:06:49]} Kh7 {[%clk 0:01:23]} 35. Rg1 {[%clk 0:06:39]} 1-0

[Event "Moscow Open A,B"]
[Site "?"]
[Date "2017.01.30"]
[Round "3.4"]
[White "Faizrakhmanov, Ramil"]
[Black "Stupak, Kirill"]
[Result "1-0"]
[BlackElo "2562"]
[WhiteElo "2432"]
[LiveChessVersion "1.4.8"]

1. d4 {[%clk 1:30:57]} g6 {[%clk 1:22:24]} 2. c4 {[%clk 1:28:31]} Bg7
{[%clk 1:22:50]} 3. e4 {[%clk 1:27:58]} d6 {[%clk 1:23:15]} 4. Nc3
{[%clk 1:26:18]} e5 {[%clk 1:23:40]} 5. d5 {[%clk 1:25:12]} f5 {[%clk 1:22:26]}
6. exf5 {[%clk 1:21:09]} Bxf5 {[%clk 1:20:00]} 7. Bd3 {[%clk 1:20:00]} Ne7
{[%clk 1:06:36]} 8. Nge2 {[%clk 1:18:25]} O-O {[%clk 0:59:20]} 9. O-O
{[%clk 1:18:33]} Nd7 {[%clk 0:59:00]} 10. Ne4 {[%clk 1:12:43]} Bxe4
{[%clk 0:50:41]} 11. Bxe4 {[%clk 1:13:04]} Nf5 {[%clk 0:51:03]} 12. Nc3
{[%clk 1:02:29]} a5 {[%clk 0:49:25]} 13. b3 {[%clk 0:59:26]} Nc5 {[%clk 0:48:36]}
14. Bd2 {[%clk 0:57:21]} Bh6 {[%clk 0:44:53]} 15. Bxh6 {[%clk 0:50:29]} Nxh6
{[%clk 0:45:10]} 16. g3 {[%clk 0:50:08]} Nf5 {[%clk 0:42:48]} 17. Bg2
{[%clk 0:47:35]} Qf6 {[%clk 0:36:02]} 18. Qd2 {[%clk 0:36:04]} Nd4
{[%clk 0:34:22]} 19. Rae1 {[%clk 0:30:30]} Rae8 {[%clk 0:16:08]} 20. Nb5
{[%clk 0:29:08]} Nxb5 {[%clk 0:07:41]} 21. cxb5 {[%clk 0:29:30]} b6
{[%clk 0:06:50]} 22. Re3 {[%clk 0:24:35]} Qg5 {[%clk 0:05:06]} 23. Qc2
{[%clk 0:19:56]} Qg4 {[%clk 0:04:03]} 24. a3 {[%clk 0:19:26]} Re7
{[%clk 0:02:57]} 25. h3 {[%clk 0:17:58]} Qf5 {[%clk 0:02:57]} 26. Qc3
{[%clk 0:13:19]} a4 {[%clk 0:02:28]} 27. b4 {[%clk 0:11:51]} Nb3 {[%clk 0:02:56]}
28. f4 {[%clk 0:10:10]} e4 {[%clk 0:00:39]} 29. Rfe1 {[%clk 0:09:40]} Rfe8
{[%clk 0:00:34]} 30. Qc4 {[%clk 0:07:34]} Qf6 {[%clk 0:01:03]} 31. Rxe4
{[%clk 0:03:16]} Rxe4 {[%clk 0:00:36]} 32. Rxe4 {[%clk 0:03:41]} Rxe4
{[%clk 0:00:44]} 33. Qxe4 {[%clk 0:04:01]} Kf8 {[%clk 0:00:52]} 34. Kh2
{[%clk 0:02:32]} Nd4 {[%clk 0:00:34]} 35. Qd3 {[%clk 0:01:19]} Nf5
{[%clk 0:01:03]} 36. g4 {[%clk 0:01:27]} Nh4 {[%clk 0:00:43]} 37. Kg3
{[%clk 0:00:33]} h6 {[%clk 0:00:42]} 38. Qe3 {[%clk 0:00:48]} g5 {[%clk 0:00:40]}
39. fxg5 {[%clk 0:01:10]} hxg5 {[%clk 0:00:43]} 40. Qf2 {[%clk 0:31:28]} Kg7
{[%clk 0:30:34]} 41. Qe3 {[%clk 0:21:12]} Ng6 {[%clk 0:28:45]} 42. Bf3
{[%clk 0:15:31]} Nf4 {[%clk 0:25:29]} 43. Qe4 {[%clk 0:13:28]} Kh6
{[%clk 0:21:54]} 44. Qf5 {[%clk 0:06:32]} Nh5+ {[%clk 0:18:29]} 45. Kh2
{[%clk 0:05:32]} Qb2+ {[%clk 0:17:14]} 46. Bg2 {[%clk 0:05:52]} Nf4
{[%clk 0:16:46]} 47. Qf8+ {[%clk 0:06:15]} Qg7 {[%clk 0:16:59]} 48. Qxg7+
{[%clk 0:03:45]} Kxg7 {[%clk 0:17:26]} 49. Bf3 {[%clk 0:04:02]} Kf6
{[%clk 0:04:36]} 50. Kg3 {[%clk 0:04:25]} Ke5 {[%clk 0:04:35]} 51. h4
{[%clk 0:04:42]} gxh4+ {[%clk 0:05:04]} 52. Kxh4 {[%clk 0:05:04]} Kd4
{[%clk 0:05:32]} 53. g5 {[%clk 0:02:24]} Ng6+ {[%clk 0:05:56]} 54. Kh5
{[%clk 0:02:01]} Ne5 {[%clk 0:04:57]} 55. Bd1 {[%clk 0:01:26]} Kc3
{[%clk 0:04:41]} 56. Bxa4 {[%clk 0:01:15]} Kb2 {[%clk 0:05:09]} 57. Bc2
{[%clk 0:01:20]} Kxa3 {[%clk 0:01:57]} 58. g6 {[%clk 0:01:41]} 1-0

[Event "Moscow Open A,B"]
[Site "?"]
[Date "2017.01.30"]
[Round "3.5"]
[White "Gordievsky, Dmitry"]
[Black "Makhmutov, Rail"]
[Result "1-0"]
[BlackElo "2437"]
[WhiteElo "2562"]
[LiveChessVersion "1.4.8"]

1. Nf3 {[%clk 1:30:06]} d5 {[%clk 1:30:52]} 2. c4 {[%clk 1:30:26]} c6
{[%clk 1:28:17]} 3. e3 {[%clk 1:29:49]} Nf6 {[%clk 1:28:20]} 4. Nc3
{[%clk 1:30:09]} a6 {[%clk 1:25:27]} 5. d4 {[%clk 1:27:08]} Bf5 {[%clk 1:24:28]}
6. Be2 {[%clk 1:25:19]} h6 {[%clk 1:20:11]} 7. Bd3 {[%clk 1:24:46]} Bxd3
{[%clk 1:20:04]} 8. Qxd3 {[%clk 1:25:14]} e6 {[%clk 1:20:13]} 9. b3
{[%clk 1:20:25]} Bb4 {[%clk 1:14:16]} 10. O-O {[%clk 1:18:48]} O-O
{[%clk 1:14:14]} 11. Bd2 {[%clk 1:18:02]} a5 {[%clk 1:12:27]} 12. Rfd1
{[%clk 1:13:13]} Nbd7 {[%clk 1:09:30]} 13. a4 {[%clk 1:04:16]} Qb6
{[%clk 1:06:59]} 14. Rab1 {[%clk 1:02:29]} Qa6 {[%clk 1:05:04]} 15. Ne1
{[%clk 0:59:55]} Rfd8 {[%clk 0:55:21]} 16. cxd5 {[%clk 0:49:39]} exd5
{[%clk 0:50:54]} 17. Qxa6 {[%clk 0:49:30]} Rxa6 {[%clk 0:50:57]} 18. f3
{[%clk 0:48:15]} Ne8 {[%clk 0:39:49]} 19. Nd3 {[%clk 0:46:45]} Be7
{[%clk 0:39:21]} 20. h3 {[%clk 0:40:34]} Nf8 {[%clk 0:37:46]} 21. g4
{[%clk 0:39:55]} Ne6 {[%clk 0:37:12]} 22. Be1 {[%clk 0:40:01]} N8c7
{[%clk 0:34:25]} 23. Kg2 {[%clk 0:38:51]} g6 {[%clk 0:32:22]} 24. Ne2
{[%clk 0:34:34]} Ra7 {[%clk 0:30:58]} 25. Rbc1 {[%clk 0:34:14]} Kg7
{[%clk 0:28:09]} 26. e4 {[%clk 0:31:28]} dxe4 {[%clk 0:26:16]} 27. fxe4
{[%clk 0:31:57]} Bf6 {[%clk 0:22:59]} 28. Bg3 {[%clk 0:32:26]} Ne8
{[%clk 0:21:35]} 29. Nf2 {[%clk 0:30:53]} Bg5 {[%clk 0:12:58]} 30. Rc3
{[%clk 0:31:15]} Nd6 {[%clk 0:10:10]} 31. Be5+ {[%clk 0:22:35]} Kg8
{[%clk 0:09:17]} 32. d5 {[%clk 0:22:56]} cxd5 {[%clk 0:08:56]} 33. exd5
{[%clk 0:23:25]} Nf8 {[%clk 0:08:46]} 34. Nd4 {[%clk 0:22:56]} Ra6
{[%clk 0:04:57]} 35. Nb5 {[%clk 0:22:56]} Nxb5 {[%clk 0:04:53]} 36. axb5
{[%clk 0:23:19]} Raa8 {[%clk 0:03:26]} 37. Rc4 {[%clk 0:19:43]} Rd7
{[%clk 0:01:54]} 38. b6 {[%clk 0:18:16]} Bd8 {[%clk 0:01:20]} 39. Ne4
{[%clk 0:18:17]} f5 {[%clk 0:01:14]} 40. Nc5 {[%clk 0:47:00]} Rf7
{[%clk 0:30:44]} 41. Na4 {[%clk 0:36:15]} Nd7 {[%clk 0:28:09]} 42. Bc7
{[%clk 0:36:37]} Bg5 {[%clk 0:24:35]} 43. Re1 {[%clk 0:32:33]} fxg4
{[%clk 0:23:19]} 44. hxg4 {[%clk 0:32:43]} Raf8 {[%clk 0:19:43]} 45. Re2
{[%clk 0:31:18]} Rf1 {[%clk 0:16:21]} 46. Bg3 {[%clk 0:27:04]} Rd1
{[%clk 0:15:29]} 47. d6 {[%clk 0:23:21]} Nf6 {[%clk 0:09:03]} 48. Nc5
{[%clk 0:21:36]} Nd5 {[%clk 0:08:42]} 49. Ne6 {[%clk 0:20:24]} Nxb6
{[%clk 0:08:20]} 50. Rc7 {[%clk 0:18:22]} Rf7 {[%clk 0:05:04]} 51. Nxg5
{[%clk 0:18:04]} hxg5 {[%clk 0:05:11]} 52. Re8+ {[%clk 0:18:26]} Rf8
{[%clk 0:05:32]} 53. Rxf8+ {[%clk 0:15:45]} Kxf8 {[%clk 0:05:59]} 54. Rxb7
{[%clk 0:16:08]} Nd5 {[%clk 0:05:53]} 55. Rb8+ {[%clk 0:16:33]} 1-0

[Event "Moscow Open A,B"]
[Site "?"]
[Date "2017.01.30"]
[Round "3.6"]
[White "Sviridov, Valery"]
[Black "Ovod, Evgenija"]
[Result "1/2-1/2"]
[BlackElo "2380"]
[WhiteElo "2515"]
[LiveChessVersion "1.4.8"]

1. Nf3 {[%clk 1:27:34]} d5 {[%clk 1:30:52]} 2. g3 {[%clk 1:27:26]} Nf6
{[%clk 1:31:16]} 3. Bg2 {[%clk 1:27:48]} c6 {[%clk 1:31:40]} 4. O-O
{[%clk 1:28:08]} Bg4 {[%clk 1:32:04]} 5. c4 {[%clk 1:28:25]} e6 {[%clk 1:32:15]}
6. d3 {[%clk 1:27:22]} Be7 {[%clk 1:32:36]} 7. b3 {[%clk 1:27:33]} O-O
{[%clk 1:32:51]} 8. Bb2 {[%clk 1:27:49]} Nbd7 {[%clk 1:33:01]} 9. Nbd2
{[%clk 1:28:07]} Qc7 {[%clk 1:27:58]} 10. Rc1 {[%clk 1:26:42]} Rfe8
{[%clk 1:26:51]} 11. h3 {[%clk 1:24:05]} Bxf3 {[%clk 1:21:10]} 12. Nxf3
{[%clk 1:23:42]} Rad8 {[%clk 1:21:27]} 13. Qc2 {[%clk 1:21:55]} Bf8
{[%clk 1:05:01]} 14. cxd5 {[%clk 1:11:39]} exd5 {[%clk 1:05:15]} 15. Nd4
{[%clk 1:11:57]} Qb6 {[%clk 0:46:56]} 16. e4 {[%clk 1:05:32]} dxe4
{[%clk 0:41:04]} 17. dxe4 {[%clk 1:05:54]} Nc5 {[%clk 0:41:27]} 18. Rfe1
{[%clk 1:00:40]} Nfd7 {[%clk 0:39:41]} 19. Nf3 {[%clk 0:46:42]} Qa6
{[%clk 0:32:01]} 20. Re3 {[%clk 0:34:52]} Ne6 {[%clk 0:30:06]} 21. e5
{[%clk 0:31:40]} Nb6 {[%clk 0:24:28]} 22. Bf1 {[%clk 0:30:05]} Qa5
{[%clk 0:24:53]} 23. a3 {[%clk 0:30:06]} Bxa3 {[%clk 0:19:06]} 24. Ra1
{[%clk 0:29:07]} Qc5 {[%clk 0:19:33]} 25. Rc3 {[%clk 0:29:16]} Bxb2
{[%clk 0:20:00]} 26. Rxc5 {[%clk 0:29:36]} Bxa1 {[%clk 0:20:27]} 27. Ra5
{[%clk 0:28:58]} Nd4 {[%clk 0:20:46]} 28. Nxd4 {[%clk 0:22:21]} Bxd4
{[%clk 0:21:12]} 29. Rxa7 {[%clk 0:22:28]} Rd7 {[%clk 0:20:52]} 30. b4
{[%clk 0:19:31]} Nc4 {[%clk 0:06:06]} 31. e6 {[%clk 0:12:16]} fxe6
{[%clk 0:05:35]} 32. Ra2 {[%clk 0:12:38]} Nd6 {[%clk 0:04:03]} 33. Bd3
{[%clk 0:11:40]} g6 {[%clk 0:03:34]} 34. Kg2 {[%clk 0:11:49]} Kg7
{[%clk 0:02:02]} 35. h4 {[%clk 0:07:53]} e5 {[%clk 0:02:26]} 36. f3
{[%clk 0:07:57]} Rf7 {[%clk 0:01:40]} 37. Be4 {[%clk 0:07:32]} Ref8
{[%clk 0:00:55]} 38. Qd3 {[%clk 0:07:17]} Nxe4 {[%clk 0:00:57]} 39. Qxe4
{[%clk 0:07:37]} h5 {[%clk 0:00:42]} 40. Ra3 {[%clk 0:37:58]} Rd8
{[%clk 0:30:48]} 41. Ra5 {[%clk 0:35:20]} Bc3 {[%clk 0:27:46]} 42. Rc5
{[%clk 0:25:30]} Rd2+ {[%clk 0:27:00]} 43. Kh3 {[%clk 0:25:54]} Bd4
{[%clk 0:27:23]} 44. Rc1 {[%clk 0:25:53]} Rb2 {[%clk 0:15:40]} 45. f4
{[%clk 0:25:12]} Rf5 {[%clk 0:16:01]} 46. fxe5 {[%clk 0:21:48]} Bxe5
{[%clk 0:16:27]} 47. Rf1 {[%clk 0:22:04]} Kf6 {[%clk 0:13:26]} 48. Rf3
{[%clk 0:22:05]} Rxf3 {[%clk 0:10:25]} 49. Qxf3+ {[%clk 0:22:28]} Kg7
{[%clk 0:10:42]} 50. Qe3 {[%clk 0:22:50]} Bf6 {[%clk 0:10:07]} 51. Qb6
{[%clk 0:23:08]} Kf7 {[%clk 0:07:58]} 52. Qxb7+ {[%clk 0:23:17]} Be7
{[%clk 0:08:20]} 53. Qxc6 {[%clk 0:21:17]} 1/2-1/2

[Event "Moscow Open A,B"]
[Site "?"]
[Date "2017.01.30"]
[Round "3.7"]
[White "Khanin, Semen"]
[Black "Atabayev, Maksat"]
[Result "1/2-1/2"]
[BlackElo "2492"]
[WhiteElo "2418"]
[LiveChessVersion "1.4.8"]

1. e4 {[%clk 1:30:57]} e5 {[%clk 1:29:14]} 2. Nf3 {[%clk 1:31:20]} Nc6
{[%clk 1:29:39]} 3. Bb5 {[%clk 1:31:45]} a6 {[%clk 1:30:00]} 4. Ba4
{[%clk 1:32:11]} Nf6 {[%clk 1:30:04]} 5. O-O {[%clk 1:32:26]} Be7
{[%clk 1:28:13]} 6. Re1 {[%clk 1:32:50]} b5 {[%clk 1:28:35]} 7. Bb3
{[%clk 1:33:16]} d6 {[%clk 1:29:01]} 8. c3 {[%clk 1:33:43]} O-O {[%clk 1:29:04]}
9. h3 {[%clk 1:34:10]} Na5 {[%clk 1:28:53]} 10. Bc2 {[%clk 1:34:33]} c5
{[%clk 1:29:19]} 11. d4 {[%clk 1:34:40]} Nd7 {[%clk 1:28:18]} 12. d5
{[%clk 1:28:33]} Nb6 {[%clk 1:27:54]} 13. b3 {[%clk 1:24:03]} Nb7
{[%clk 1:25:50]} 14. Qe2 {[%clk 1:15:37]} Bd7 {[%clk 1:25:37]} 15. c4
{[%clk 1:13:46]} Qe8 {[%clk 1:20:11]} 16. Bd3 {[%clk 0:59:44]} bxc4
{[%clk 1:09:41]} 17. bxc4 {[%clk 1:00:03]} Na4 {[%clk 1:10:07]} 18. Qc2
{[%clk 0:54:37]} Bd8 {[%clk 1:10:07]} 19. Bd2 {[%clk 0:51:03]} Ba5
{[%clk 1:09:21]} 20. Nc3 {[%clk 0:51:28]} Nxc3 {[%clk 0:48:30]} 21. Bxc3
{[%clk 0:51:14]} Qd8 {[%clk 0:48:56]} 22. Rab1 {[%clk 0:49:58]} Bxc3
{[%clk 0:47:00]} 23. Qxc3 {[%clk 0:50:13]} Qc7 {[%clk 0:47:10]} 24. Rb2
{[%clk 0:45:32]} a5 {[%clk 0:42:44]} 25. Reb1 {[%clk 0:44:44]} Ra7
{[%clk 0:42:30]} 26. Qb3 {[%clk 0:43:43]} Rfa8 {[%clk 0:40:07]} 27. a4
{[%clk 0:31:08]} Nd8 {[%clk 0:39:18]} 28. Qa3 {[%clk 0:31:30]} Kf8
{[%clk 0:37:26]} 29. Bc2 {[%clk 0:30:44]} Rb7 {[%clk 0:37:43]} 30. Rxb7
{[%clk 0:28:29]} Nxb7 {[%clk 0:37:40]} 31. Qb2 {[%clk 0:20:09]} Nd8
{[%clk 0:37:30]} 32. Qb6 {[%clk 0:17:51]} Qxb6 {[%clk 0:35:30]} 33. Rxb6
{[%clk 0:18:17]} Ke7 {[%clk 0:35:57]} 34. Nd2 {[%clk 0:17:42]} Ra7
{[%clk 0:36:22]} 35. Kf1 {[%clk 0:16:54]} Rb7 {[%clk 0:36:42]} 36. Rxb7
{[%clk 0:17:20]} Nxb7 {[%clk 0:37:09]} 37. Ke2 {[%clk 0:17:42]} g6
{[%clk 0:37:12]} 38. Ke3 {[%clk 0:17:18]} f6 {[%clk 0:37:33]} 39. Bd1
{[%clk 0:16:49]} Nd8 {[%clk 0:37:53]} 40. h4 {[%clk 0:44:48]} Nf7
{[%clk 1:08:08]} 41. g4 {[%clk 0:43:44]} Nh6 {[%clk 1:03:32]} 42. f3
{[%clk 0:43:24]} f5 {[%clk 1:02:07]} 43. gxf5 {[%clk 0:29:02]} gxf5
{[%clk 1:02:32]} 44. f4 {[%clk 0:29:14]} Ng4+ {[%clk 0:59:24]} 45. Kf3
{[%clk 0:23:55]} fxe4+ {[%clk 0:59:23]} 46. Nxe4 {[%clk 0:24:13]} exf4
{[%clk 0:59:48]} 47. Kxf4 {[%clk 0:23:22]} Ne5 {[%clk 1:00:06]} 48. Nd2
{[%clk 0:17:45]} h6 {[%clk 0:57:17]} 49. Bc2 {[%clk 0:18:09]} Bh3
{[%clk 0:53:55]} 50. Bf5 Bf1 51. Bc2 Bh3 52. Bf5 Bf1 53. Bc2 Bg2 54. Ke4 1/2-1/2

[Event "Moscow Open A,B"]
[Site "?"]
[Date "2017.01.30"]
[Round "3.8"]
[White "Ivanov, Oleg V"]
[Black "Popov, Mikhail"]
[Result "1-0"]
[BlackElo "2379"]
[WhiteElo "2482"]
[LiveChessVersion "1.4.8"]

1. e4 {[%clk 1:30:56]} e6 {[%clk 1:30:51]} 2. d4 {[%clk 1:31:17]} d5
{[%clk 1:31:16]} 3. Nc3 {[%clk 1:31:42]} Bb4 {[%clk 1:31:41]} 4. e5
{[%clk 1:31:54]} Ne7 {[%clk 1:32:04]} 5. a3 {[%clk 1:32:18]} Bxc3+
{[%clk 1:32:30]} 6. bxc3 {[%clk 1:32:45]} c5 {[%clk 1:32:53]} 7. Qg4
{[%clk 1:31:27]} Qc7 {[%clk 1:33:11]} 8. Qxg7 {[%clk 1:31:12]} Rg8
{[%clk 1:33:36]} 9. Qxh7 {[%clk 1:31:36]} cxd4 {[%clk 1:33:54]} 10. Ne2
{[%clk 1:31:38]} dxc3 {[%clk 1:33:55]} 11. f4 {[%clk 1:31:16]} Nbc6
{[%clk 1:33:57]} 12. Qd3 {[%clk 1:30:38]} d4 {[%clk 1:33:54]} 13. Nxd4
{[%clk 1:30:38]} Nxd4 {[%clk 1:34:18]} 14. Qxd4 {[%clk 1:31:05]} Bd7
{[%clk 1:34:24]} 15. Rg1 {[%clk 1:29:23]} Nf5 {[%clk 1:33:13]} 16. Qf2
{[%clk 1:29:37]} Qc6 {[%clk 1:32:53]} 17. Bd3 {[%clk 1:11:36]} Qd5
{[%clk 1:30:30]} 18. Be3 {[%clk 1:10:00]} Nxe3 {[%clk 1:29:26]} 19. Qxe3
{[%clk 1:10:20]} Rxg2 {[%clk 1:29:43]} 20. Rxg2 {[%clk 1:09:05]} Qxg2
{[%clk 1:30:06]} 21. Be4 {[%clk 1:06:19]} Qxh2 {[%clk 1:29:41]} 22. O-O-O
{[%clk 1:03:14]} Bc6 {[%clk 1:27:47]} 23. Bxc6+ {[%clk 0:55:50]} bxc6
{[%clk 1:27:59]} 24. Qe4 {[%clk 0:46:11]} Kf8 {[%clk 1:12:43]} 25. Qd4
{[%clk 0:42:19]} a5 {[%clk 0:58:12]} 26. Kb1 {[%clk 0:32:35]} Kg7
{[%clk 0:11:28]} 27. Qxc3 {[%clk 0:19:56]} Rb8+ {[%clk 0:09:55]} 28. Ka2
{[%clk 0:16:35]} Qf2 {[%clk 0:07:01]} 29. f5 {[%clk 0:14:25]} Rb5
{[%clk 0:03:42]} 30. f6+ {[%clk 0:10:51]} Kg6 {[%clk 0:04:02]} 31. Qd3+
{[%clk 0:10:54]} Kg5 {[%clk 0:03:01]} 32. Rf1 {[%clk 0:10:58]} Qg2
{[%clk 0:02:48]} 33. Rf3 {[%clk 0:10:03]} Qh1 {[%clk 0:02:04]} 34. Qe3+
{[%clk 0:08:54]} Kg4 {[%clk 0:02:07]} 35. Rg3+ {[%clk 0:08:35]} 1-0